| 000 | 01104nam a22002537a 4500 | ||
|---|---|---|---|
| 005 | 20100607154230.0 | ||
| 008 | 100607t xxu||||| |||| 00| 0 hin d | ||
| 010 | _aHIN-89508 | ||
| 020 |
_a9788188933341 _c250.00 |
||
| 035 | _aHN-61854 | ||
| 037 | _bDBAD / PUB | ||
| 040 |
_aDPL _bHN |
||
| 082 | _a363.73 | ||
| 100 |
_aरावत,जीवन _923058 |
||
| 245 |
_aपर्यावरण अध्ययन / _cजीवन रावत |
||
| 246 |
_aParyavarn adhyayan _bby Jiwan Rawat |
||
| 260 |
_aदिल्ली _bसुमित बुक्स _c2010 |
||
| 270 |
_aफेस ई-1/267 नियर गत्ता फैक्ट्री, नजदीक डिस्पेन्सरी, गली नं-16 _bदिल्ली _e110094 |
||
| 300 |
_a168पृ _c22सेमी (सजिल्द) |
||
| 650 |
_aप्रदूषण _923059 |
||
| 650 |
_apollution _923060 |
||
| 942 |
_2ddc _cHN _mरावत _h363.73 |
||
| 999 |
_c36613 _d36613 |
||